Headway : upper intermediate /

Hlavní autor: Soars, Liz, 1945-
Další autoři: Soars, John, 1951-, Hancock, Paul, 1957-, McCaul, Jo, Merifield, Sue, May, Peter, 1951 červen 11.-, Wheeldon, Sylvia, Williamson, Madeleine
Jazyk: Angličtina
Vydáno: Oxford : Oxford University Press, [2019?]
Vydání: 5th edition
Témata:
Externí odkaz: Online cvičení na
Fyzický popis: 7 svazků : ilustrace (převážně barevné) ; 28-30 cm
Knihy
Uloženo v:
LEADER 04615nam a2200757 ia4500
001 001749658
003 CZ BrMZK
005 20200609090143.0
007 ta
008 200519s2019 xxka g p 000 0 eng
020 |a 978-0-19-453969-2  |q (student's book ;  |q brožováno) 
020 |a 978-0-19-453971-5  |q (online practice) 
020 |a 978-0-19-453973-9  |q (student's book part A ;  |q brožováno) 
020 |a 978-0-19-453977-7  |q (student's book part B ;  |q brožováno) 
020 |a 978-0-19-454760-4  |q (workbook with key ;  |q brožováno) 
020 |a 978-0-19-453982-1  |q (culture and literature companion ;  |q brožováno) 
020 |a 978-0-19-453990-6  |q (teacher's guide ;  |q kroužková vazba) 
020 |a 978-0-19-453992-0  |q (teacher's resource centre) 
020 |a 978-0-19-453998-2  |q (CDs) 
040 |a BOA001  |b cze  |e rda 
072 7 |a 811.111  |x Angličtina  |2 Konspekt  |9 11 
072 7 |a 37.016  |x Učební osnovy. Vyučovací předměty. Učebnice  |2 Konspekt  |9 22 
080 |a 811.111  |2 MRF 
080 |a (07.063)81  |2 MRF 
080 |a (076.1)  |2 MRF 
080 |a (072)  |2 MRF 
100 1 |a Soars, Liz,  |d 1945-  |7 xx0012506  |4 aut 
245 1 0 |a Headway :  |b upper intermediate /  |c Liz & John Soars, Paul Hancock 
250 |a 5th edition 
264 1 |a Oxford :  |b Oxford University Press,  |c [2019?] 
300 |a 7 svazků :  |b ilustrace (převážně barevné) ;  |c 28-30 cm 
336 |a text  |b txt  |2 rdacontent 
336 |a mluvené slovo  |b spw  |2 rdacontent 
337 |a bez média  |b n  |2 rdamedia 
337 |a audio  |b s  |2 rdamedia 
338 |a svazek  |b nc  |2 rdacarrier 
338 |a audiodisk  |b sd  |2 rdacarrier 
500 |a Na zadní straně obálky označení úrovně: B2 
500 |a Volné přílohy obsahují přístupové kódy k online cvičením 
505 0 |a Student's book with online practice. 168 stran + 1 příl. -- Student's book with online practice. Part A. Units 1-6. 163 stran + 1 příl. -- Student's book with online practice. Part B. Units 7-12. 165 stran + 1 příl. -- Workbook with key / Liz & John Soars, Jo McCaul. 95 stran -- Teacher's guide with teacher's resource centre / Liz & John Soars, Sue Merifield. 239 stran + 1 příl. -- Culture and literature companion / Peter May, Sylvia Wheeldon, Madeleine Williamson. 47 stran -- Class audio CDs. 4 CD audio 
650 0 7 |a angličtina  |7 ph114056  |2 czenas 
653 0 |a jazyková úroveň B2 
655 7 |a jazykové učebnice, texty, příručky (B)  |7 fd600891  |2 czenas 
655 7 |a pracovní sešity  |7 fd133116  |2 czenas 
655 7 |a metodické příručky  |7 fd132826  |2 czenas 
700 1 |a Soars, John,  |d 1951-  |7 xx0012507  |4 aut 
700 1 |a Hancock, Paul,  |d 1957-  |7 pna2006362695  |4 aut 
700 1 |a McCaul, Jo  |7 mzk2014852722  |4 aut 
700 1 |a Merifield, Sue  |7 mzk2016922110  |4 aut 
700 1 |a May, Peter,  |d 1951 červen 11.-  |7 xx0037292  |4 aut 
700 1 |a Wheeldon, Sylvia  |7 xx0041944  |4 aut 
700 1 |a Williamson, Madeleine  |7 pna2018983177  |4 aut 
856 4 2 |3 Online cvičení na  |u https://headwayonline.com  |4 N 
910 |a BOA001  |b 4-1442.946  |b CDR-1442.947 
990 |a BK 
991 |b 202006  |c NOV  |x 99 
996 7 |b 2610823750  |c 4-1442.946  |d 1,student's book  |v 1  |l Anglická knihovna/2.patro  |r ZHR  |n 12  |p kupz  |h CA 9  |w 001802068  |u 000010  |a 0  |e BOA001  |j MZK50  |s A 
996 7 |b 2610823751  |c 4-1442.946  |d 1,student's book  |v 1  |l Anglická knihovna/2.patro  |r ZHR  |n 14  |p kupz  |h CA 9  |w 001802068  |u 000020  |a 0  |e BOA001  |j MZK50  |s A 
996 7 |b 2610823752  |c 4-1442.946  |d 2,student's book part A  |v 2  |l Anglická knihovna/2.patro  |r ZHR  |n 8  |p kupz  |h CA 9  |w 001802068  |u 000030  |a 0  |e BOA001  |j MZK50  |s A 
996 7 |b 2610823753  |c 4-1442.946  |d 3,student's book part B  |v 3  |l Anglická knihovna/2.patro  |r ZHR  |n 1  |p kupz  |h CA 9  |w 001802068  |u 000040  |a 0  |e BOA001  |j MZK50  |s A 
996 7 |b 2610823754  |c 4-1442.946  |d 4,workbook with key  |v 4  |l Anglická knihovna/2.patro  |r ZHR  |n 9  |p kupz  |h CA 9  |w 001802068  |u 000050  |a 0  |e BOA001  |j MZK50  |s A 
996 7 |b 2610823755  |c 4-1442.946  |d 4,workbook with key  |v 4  |l Anglická knihovna/2.patro  |r ZHR  |n 13  |p kupz  |h CA 9  |w 001802068  |u 000060  |a 0  |e BOA001  |j MZK50  |s A 
996 7 |b 2610823756  |c 4-1442.946  |d 5,culture and literature companion  |v 5  |l Anglická knihovna/2.patro  |r ZHR  |n 8  |p kupz  |h CA 9  |w 001802068  |u 000070  |a 0  |e BOA001  |j MZK50  |s A 
996 7 |b 2610823757  |c 4-1442.946  |d 6,teacher's guide  |v 6  |l Anglická knihovna/2.patro  |r ZHR  |n 12  |p kupz  |h CA 9  |w 001802068  |u 000080  |a 0  |e BOA001  |j MZK50  |s A 
996 7 |b 2610823758  |c 4-1442.946  |d 6,teacher's guide  |v 6  |l Anglická knihovna/2.patro  |r ZHR  |n 7  |p kupz  |h CA 9  |w 001802068  |u 000090  |a 0  |e BOA001  |j MZK50  |s A 
996 7 |b 2610823759  |c CDR-1442.947  |d 7, CD 1-4  |v 7  |l Anglická knihovna/2.patro  |r ZHR  |n 12  |p kupz  |h CD-A 204  |w 001802068  |u 000100  |a 0  |e BOA001  |j MZK50  |s A